[Event "Leon"]
[Site "?"]
[Date "2005.06.10"]
[Round "1.1"]
[White "Shirov, Alexei"]
[Black "Kasimdzhanov, Rustam"]
[Result "0-1"]
[WhiteElo "2715"]
[BlackElo "2650"]
[Annotator "Rahal, M"]
[PlyCount "82"]
[EventDate "2005.06.10"]
[EventType "k.o. (rapid)"]
[EventCountry "ESP"]
[Source "EDAMI"]
[SourceDate "2006.12.20"]

1. e4 c5 2. Nf3 d6 3. d4 cxd4 4. Nxd4 Nf6 5. Nc3 a6 6. Be3 e6 7. f3 b5 8. g4 h6
9. Qd2 b4 10. Nce2 e5 11. Nb3 Nc6 $146 {Esta jugada aparentemente es una
novedad, ya que las más habituales son 11...a5 o 11...d5.} 12. O-O-O a5 13. Kb1
a4 14. Nbc1 Be6 {Las negras han conseguido una posición atractiva, y se
preparan para romper en el centro con ...d5.} 15. Ng3 $6 Qa5 16. h4 $6 (16. Qf2
$5) {#} 16... d5 $1 17. g5 (17. exd5 Nxd5 $17) 17... hxg5 18. Bxg5 (18. hxg5
Rxh1 19. Nxh1 d4 $15 20. gxf6 dxe3 21. Qxe3 gxf6 {
seguido de Bc5 con una evidente ventaja negra}) 18... Nd4 {Ante la dificultad
de su posición (las negras amenazan ...b3 o ...Nxf3 entre otras) Shirov se
embarca en una peligrosa variante que implica el sacrificio de la dama.} 19. f4
$5 (19. Bxf6 gxf6 20. exd5 Qxd5 21. Bg2 {
era la mejor opción pero la posición blanca no tiene perspectivas}) 19... b3
20. cxb3 (20. Qxa5 bxc2+ 21. Ka1 Nb3+ $1 22. axb3 Rxa5 $19) 20... Bb4 $19 {#}
21. fxe5 (21. Qg2 axb3 22. a3 Nxe4 $1 23. fxe5 Bxa3 $19) 21... Bxd2 22. Bxd2
Qc7 {Las negras tienen la partida ganada pero Kasimdzhanov, quizás un poco
nervioso, no encuentra las mejores jugadas, y le permite a  Shirov volver a la
partida.} 23. Bc3 Qxe5 $6 ({Era mejor} 23... Nxe4 24. Nxe4 Bf5 $19) 24. Rg1
axb3 25. Bb5+ Kf8 26. Bxd4 bxa2+ 27. Ka1 Qb8 28. Bc6 Ra6 29. exd5 Bg4 30. Rde1
Rxh4 31. Ne4 (31. Bxf6 gxf6 32. Re8+ Qxe8 33. Bxe8 Kxe8 $19) 31... Nxe4 32.
Rxe4 g5 $6 (32... f5 33. Bc5+ Kf7 34. Re7+ Kg6 35. Bd4 Rh7 36. Nd3 Rxc6 37.
dxc6 $13) 33. Bc5+ $6 (33. Nd3 $13) 33... Kg7 34. Rexg4 Rxg4 35. Rxg4 f6 $6 (
35... Qxb2+ 36. Kxb2 a1=Q+ 37. Kc2 $14) (35... Qh2 $1 36. Rxg5+ Kf6 37. Rg1 Qc2
$19) 36. Bd4 Kg6 37. Rg1 Qf4 38. Bc3 Qf2 39. Be8+ $2 {El error definitivo.} (
39. Re1 $15 Qc2 40. Ne2 {
y aunque las negras están mejor aún hay trabajo que hacer.}) 39... Kg7 $1 40.
Rxg5+ Kf8 41. Bb5 {#} Qc2 $1 {El peón de a2 decide la partida.} 0-1

[Event "Leon"]
[Site "?"]
[Date "2005.06.10"]
[Round "1.2"]
[White "Kasimdzhanov, Rustam"]
[Black "Shirov, Alexei"]
[Result "1/2-1/2"]
[WhiteElo "2650"]
[BlackElo "2715"]
[Annotator "Rahal, M"]
[PlyCount "76"]
[EventDate "2005.06.10"]
[EventType "k.o. (rapid)"]
[EventCountry "ESP"]
[Source "EDAMI"]
[SourceDate "2006.12.20"]

1. e4 e5 2. Nf3 Nf6 3. Nxe5 d6 4. Nf3 Nxe4 5. d4 d5 6. Bd3 Nc6 7. O-O Be7 8. c4
Nb4 9. Be2 O-O 10. Nc3 Be6 11. Ne5 f6 12. Nf3 Kh8 13. a3 Nxc3 14. bxc3 Nc6 15.
Nd2 dxc4 $146 (15... Na5 16. cxd5 Bxd5 17. c4 Bf7 18. Bb2 {
se jugó en la partida entre Kasimdzhanov y Adams,M en Tripoli 2004.}) 16. Nxc4
Qd7 17. Bf4 Rad8 18. Re1 Bg8 19. h3 Bd6 $6 (19... Rfe8 $142 $14) 20. Nxd6 $16
cxd6 21. c4 Rfe8 22. Qd2 b6 23. Bf1 Na5 24. Qb4 Rc8 25. d5 Nb7 26. a4 Rxe1 27.
Rxe1 Rc5 28. Be2 Ra5 29. Bg4 Qd8 (29... Rxa4 30. Bxd7 Rxb4 31. Re8 Nc5 32. Be6
Nxe6 33. dxe6 $18) {# Debido al error de Shirov en la jugada 19 Kasimdhzanov
ha conseguido una ligera ventaja que ha ido aumentando. Ahora está dispuesto a
sacrificar el peón "a" para atacar al rey negro.} 30. Re3 Bf7 31. Qe1 Kg8 (
31... Rxa4 32. Re7 $1 Ra1 33. Qxa1 Qxe7 34. Qxa7 $16) 32. Re7 Nc5 33. Bf5 Kf8
34. Re2 Rxa4 35. Qc3 Qc7 (35... h6 36. Bc2 Ra2 37. Qg3 $16) (35... Bg6 36. Bxg6
hxg6 37. Qg3 Rxc4 38. Bxd6+ Kg8 39. Bxc5 Rxc5 40. Qxg6 $14) {#} 36. Bh6 $6 (36.
Qg3 $1 Nb7 37. Bxh7 Rxc4 38. Qh4 $1 $16 {con la doble amenaza 39.Bd3 y 39.
Qxf6!. Pero agobiados por el tiempo, ambos jugadores repiten jugadas.}) 36...
Qd8 37. Bf4 Qc7 38. Bh6 Qd8 1/2-1/2

[Event "Leon"]
[Site "?"]
[Date "2005.06.10"]
[Round "1.3"]
[White "Shirov, Alexei"]
[Black "Kasimdzhanov, Rustam"]
[Result "0-1"]
[WhiteElo "2715"]
[BlackElo "2650"]
[Annotator "Rahal, M"]
[PlyCount "86"]
[EventDate "2005.06.10"]
[EventType "k.o. (rapid)"]
[EventCountry "ESP"]
[Source "EDAMI"]
[SourceDate "2006.12.20"]

1. e4 c5 2. Nf3 d6 3. d4 cxd4 4. Nxd4 Nf6 5. Nc3 a6 6. Be3 e6 7. f3 b5 8. g4 h6
9. a3 {Sorprendido por los conocimientos teóricos de Kasimdzhanov en la
Najdorf, Shirov se decide por una línea poco conocida, pero tampoco consigue
ventaja.} Bb7 10. Qd2 Nbd7 11. O-O-O d5 12. exd5 Nxd5 13. Nxd5 Bxd5 14. Rg1 (
14. Be2 {es la alternativa}) 14... Qc7 $146 (14... Ne5 15. f4 Nf3 16. Nxf3 Bxf3
17. Bg2 Qxd2+ 18. Rxd2 Bxg2 19. Rgxg2 Be7 20. f5 O-O 21. Rd7 Bf6 22. fxe6 fxe6
23. Rd6 Kf7 24. c3 Rfd8 25. Rgd2 Rxd6 26. Rxd6 Be5 27. Rd2 Rc8 28. Kc2 Rc4 {
1/2-1/2 Leko,P-Gelfand,B (Monte Carlo MNC 2005)}) 15. f4 Bd6 16. Nf5 (16. f5 $5
Bxh2 17. fxe6 fxe6 (17... Nf6 18. Rg2 $13) 18. Rh1 $1 Bxh1 19. Nxe6 $16 {
fue una espectacular variante que se comentó en la cena con los jugadores})
16... Bf8 17. Qd4 $6 (17. Nd4 $11) 17... O-O-O $1 {#Kasimdhzanov sacrifica un
peón para especular con la falta de desarrollo de las blancas y la expuesta
posición de la dama negra en d4.} 18. Nxg7 Bf3 19. Rd3 e5 $1 20. fxe5 Bxg7 21.
Rc3 Bc6 {Con su juego enérgico las negras tiene la partida ganada, pero Shirov
intenta complicar la partida y casi lo consigue.} 22. Rxc6 (22. Bg2 Nb8 23.
Bxc6 Rxd4 24. Bb7+ Kxb7 25. Rxc7+ Kxc7 26. Bxd4 Nd7 $19) 22... Qxc6 23. Bg2 Qc7
24. Qe4 Nb6 $1 25. e6 Nd5 (25... Rhe8 26. Bf4 Rd4 27. Bxc7 Rxe4 28. Bxb6 R4xe6
{también era posible}) 26. Rd1 {#} Bxb2+ $1 {Con poco tiempo en el reloj
Kasimdzhanov devuelve material para forzar una simplificación favorable, y
remata con buena técnica.} 27. Kxb2 Qc3+ 28. Ka2 Qxe3 29. Rxd5 Qxe4 30. Rc5+
Kb8 31. Bxe4 fxe6 32. Rc6 Ka7 33. Rc7+ (33. Rxe6 Rhe8 $19) 33... Kb6 34. Rc6+
Ka5 35. Bg6 Rd4 36. h3 Rhd8 37. Kb2 R8d6 38. Rc8 Rf4 39. Rc3 e5 40. Bf5 e4 41.
Re3 Rd4 42. Kc3 Rc4+ 43. Kb2 Rf3 0-1

[Event "Leon"]
[Site "?"]
[Date "2005.06.10"]
[Round "1.4"]
[White "Kasimdzhanov, Rustam"]
[Black "Shirov, Alexei"]
[Result "1/2-1/2"]
[WhiteElo "2650"]
[BlackElo "2715"]
[Annotator "Rahal, M"]
[PlyCount "72"]
[EventDate "2005.06.10"]
[EventType "k.o. (rapid)"]
[EventCountry "ESP"]
[Source "EDAMI"]
[SourceDate "2006.12.20"]

1. e4 c5 2. Nf3 Nc6 3. Bb5 g6 4. O-O Bg7 5. Re1 e5 6. Bxc6 dxc6 7. a3 Bg4 8. d3
Nf6 9. h3 $5 ({
Kasimdzhanov mejora su propio juego. En Linares frente a Leko intentó} 9. Nbd2
Nd7 10. h3 {pero ahora al estar defendido el peón e5 el alfil puede regresar a
e6 con igualdad.} Be6 $1 11. Nc4 O-O 12. Bd2 Qe7 13. Bc3 f6 14. Qe2 Rfd8 $11 {
1/2-1/2 en 24 jug. Kasimdzhanov,R - Leko,P (Linares 2005)}) 9... Bxf3 10. Qxf3
Nd7 11. Nd2 a5 12. Nc4 O-O 13. a4 b5 14. Ne3 Nb6 15. b3 Qd4 16. Bd2 c4 17. bxc4
bxc4 18. Ng4 cxd3 (18... f5 19. exf5 gxf5 20. Nh6+ $36) {
# Con la siguiente jugada intermedia las blancas consiguen ventaja.} 19. Be3 $1
$14 Qd8 20. cxd3 Nd7 21. Nh6+ Bxh6 22. Bxh6 Re8 23. Rec1 {Las blancas pueden
combinar el ataque sobre el peón debil en la columna-c con el ataque por las
casillas negras del enroque. no obstante, Shirov se defiende con acierto y
consigue las tablas.} c5 24. Rab1 Rb8 25. Bd2 Qc7 26. Bc3 Qc6 27. Qd1 Rxb1 28.
Rxb1 c4 29. dxc4 Nb6 30. Bxe5 Rxe5 31. Qd8+ Re8 32. Qxb6 Qxa4 33. Qb5 Qxb5 34.
cxb5 Rxe4 35. b6 Re8 36. Ra1 Rb8 1/2-1/2

[Event "Leon"]
[Site "?"]
[Date "2005.06.11"]
[Round "2.1"]
[White "Anand, Viswanathan"]
[Black "Carlsen, Magnus"]
[Result "1-0"]
[WhiteElo "2770"]
[BlackElo "2550"]
[Annotator "Rahal, M"]
[PlyCount "59"]
[EventDate "2005.06.10"]
[EventType "k.o. (rapid)"]
[EventCountry "ESP"]
[Source "EDAMI"]
[SourceDate "2006.12.20"]

1. e4 e5 2. Nf3 Nf6 3. Nxe5 d6 4. Nf3 Nxe4 5. Nc3 Nxc3 6. dxc3 Be7 7. Bf4 O-O
8. Qd2 Nd7 9. O-O-O Nc5 10. h4 Bg4 11. h5 $146 (11. Re1 Ne6 12. Ng5 h6 13. Nxe6
Bxe6 14. Bxh6 gxh6 15. Qxh6 Bf6 16. Bd3 Re8 17. Re3 Be5 18. Rhh3 {
1-0 Fontaine,R-Skoberne,J/Portoroz 2004/CBM 100 ext}) 11... Re8 12. Bc4 c6 $6 {
# Un error. Sin duda mejores eran tanto 12...h6 como 12...Qd7.} 13. Bxd6 $1
Bxd6 14. Qxd6 Qxd6 15. Rxd6 $14 Bxf3 ({Falla} 15... Ne4 $6 16. Rd4 h6 (16...
Nxf2 17. Rf1 $16 Bxf3 18. gxf3 Nh3 19. Rd7 $16) 17. Nd2 $14) 16. gxf3 Rad8 17.
Rd4 b5 $6 ({Era mejor} 17... Ne6 18. Bxe6 fxe6 19. h6 $14) 18. Rhd1 $1 Rxd4 19.
cxd4 Nd7 20. Bd3 Nf6 21. d5 $1 cxd5 22. Bxb5 {Ahora las blancas tienen mayores
opciones de victoria, gracias a su mayoría móvil en el flanco de dama.} Re5 23.
c4 Kf8 24. c5 d4 $2 ({
Hasta ahora Carlsen ha defendido bien, pero su jugada 24 pierde. Mejor era} 
24... Rxh5 25. b4 $14 (25. c6 $2 Ne8 $1 $15)) 25. b4 $16 a5 26. a3 axb4 27.
axb4 Nd5 28. Rxd4 Rxh5 (28... Nxb4 29. Rxb4 Rxc5+ 30. Kd2 Rxh5 31. Bc4 $18 {
Este final es lento de ganar, pero la victoria es segura}) 29. c6 Ke7 $2 (29...
Nb6) 30. Rxd5 $1 1-0

[Event "Leon"]
[Site "?"]
[Date "2005.06.11"]
[Round "2.2"]
[White "Carlsen, Magnus"]
[Black "Anand, Viswanathan"]
[Result "1/2-1/2"]
[WhiteElo "2550"]
[BlackElo "2760"]
[Annotator "Rahal, M"]
[PlyCount "59"]
[EventDate "2005.06.10"]
[EventType "k.o. (rapid)"]
[EventCountry "ESP"]
[Source "EDAMI"]
[SourceDate "2006.12.20"]

1. e4 e5 2. Nf3 Nc6 3. Bb5 a6 4. Ba4 Nf6 5. O-O Be7 6. Re1 b5 7. Bb3 O-O 8. c3
d5 9. exd5 Nxd5 10. Nxe5 Nxe5 11. Rxe5 c6 12. d3 Bd6 13. Re1 Bf5 14. Qf3 Qh4
15. g3 Qh3 16. Bxd5 cxd5 17. Be3 Bxd3 18. Qxd5 Rad8 19. Qf3 (19. Qxd3 Bxg3 20.
Qe4 Bxh2+ 21. Kh1 Bb8+ 22. Kg1 Rd6 $19) 19... Rfe8 20. Nd2 Qf5 21. Qxf5 Bxf5
22. Bd4 f6 23. f3 $146 {#} ({Todo esto ya se había jugado en
Kasimdzhanov-Onischuk en la Olimpiada de Calvia, donde las blancas no
obtuvieron nada especial después de} 23. Nb3 Kf7 24. Bb6 Rc8 25. Rxe8 Rxe8 26.
Rd1 Bf8 27. Nd4 Be4 28. f3 Bd5 29. a3 Rb8 30. Bc7 Rb7 31. Bf4 Bc5 32. Kf2 Rd7
33. Be3 Bc4 34. g4 a5 35. h4 a4 36. h5 Bxd4 37. Bxd4 Rd5 38. Kg3 g6 39. hxg6+
Kxg6 40. Re1 h5 41. Re8 hxg4 42. fxg4 Rd6 43. Kf4 Re6 {
1/2-1/2 Kasimdzhanov,R - Onischuk,A (Mallorca 2004)}) 23... b4 24. Ne4 $14 Bc7
25. Kf2 bxc3 26. bxc3 Rb8 27. Re2 (27. Rab1 Rxb1 28. Rxb1 Bxe4 29. fxe4 Rxe4
$11) 27... Kf7 28. Rd1 h5 29. Bc5 (29. c4 $14) 29... Kg6 30. Bd4 {Tablas a prop
uesta de Carlsen. Tiempos: Carlsen 4.40, Anand 15.00. Magnus no acaba de ver
como explotar su pequeña ventaja y apurado de tiempo asegura las tablas.}
1/2-1/2

[Event "Leon"]
[Site "?"]
[Date "2005.06.11"]
[Round "2.3"]
[White "Anand, Viswanathan"]
[Black "Carlsen, Magnus"]
[Result "1-0"]
[WhiteElo "2760"]
[BlackElo "2550"]
[Annotator "Rahal, M"]
[PlyCount "143"]
[EventDate "2005.06.10"]
[EventType "k.o. (rapid)"]
[EventCountry "ESP"]
[Source "EDAMI"]
[SourceDate "2006.12.20"]

1. e4 e5 2. Nf3 Nf6 3. Nxe5 d6 4. Nf3 Nxe4 5. d4 d5 6. Bd3 Bd6 7. O-O O-O 8.
Re1 Re8 9. Nc3 Nxc3 10. bxc3 Rxe1+ 11. Qxe1 h6 $146 (11... Nc6 12. Rb1 b6 13.
c4 dxc4 14. Bxc4 Bf5 15. Ng5 Bg6 16. Qc3 Nxd4 17. Kh1 Be5 18. Bd2 Qf6 19. Re1
c5 20. Qh3 h6 21. f4 Bxf4 22. Bxf4 Qxf4 23. Nxf7 Kh7 24. Rf1 Qd2 25. Ne5 Bxc2
26. Ng4 Re8 27. Nf6+ Kh8 28. Nxe8 Bf5 29. Qg3 Qg5 30. Qd6 Be4 31. Qf8+ Kh7 32.
Qg8+ Kg6 33. Bf7# {1-0 Krege,S - Beyer,T (Werther 2000)}) 12. c4 dxc4 (12... c6
13. c5 Bc7 14. Ne5 $14) 13. Bxc4 Nc6 14. Bb2 Bg4 $2 {Un error estratégico
importante de Carlsen. 15...Bf5 es la jugada normal en esta posición. Ceder la
pareja de alfiles a Anand en esta posición abierta es sufrir durante toda la
partida.} 15. Qe4 $1 Bxf3 (15... Qd7 16. Bd3 g6 17. Ne5 $36) 16. Qxf3 $16 {#}
Qe7 17. g3 Re8 18. Bc3 Nd8 (18... a6 $2 19. Re1 Qd7 20. Qxf7+ $1 $18) 19. a4 $1
{Anand comienza su expansión en el flanco de dama.} Qe4 20. Qxe4 Rxe4 21. a5
Re8 22. Kg2 Ne6 23. h4 $1 {Juego por los dos lados.} Kf8 24. Bb2 b6 25. h5 Rb8
26. axb6 axb6 (26... Rxb6 27. Bc3 Rc6 28. Ra4 $18) 27. Bb5 Rd8 $6 (27... c5
$142 28. d5 Nd4 {con algo de contrajuego}) 28. Bc6 Be7 29. c3 b5 30. Ra7 Rb8
31. d5 Bc5 32. Ra5 $18 Nd8 33. Bd7 Bd6 34. Bxb5 (34. Rxb5 Rxb5 35. Bxb5 Nb7 36.
c4 Nc5 37. Kf3 {también tiene muy buena pinta}) 34... c6 35. dxc6 Nxc6 36. Bxc6
Rxb2 37. Bd5 Rd2 38. c4 Be5 $2 (38... g6 $16) 39. Ra8+ $18 Ke7 40. Ra7+ Kd6 41.
Rxf7 {#Con dos peones de más la partida está ganada. Anand provoca el cambio
de torres en un momento oportuno y parece que el final de alfiles de distinto
color está ganado.} Bd4 42. Rf5 Rc2 43. g4 Bc5 44. Bf7 Rd2 45. Kg3 Rd3+ 46. f3
Rd2 47. Rd5+ Rxd5 48. Bxd5 Ke5 49. f4+ Kf6 50. Kf3 Bd6 51. Ke4 Bc5 52. Bg8 Bd6
53. Bh7 Ke6 54. g5 Ke7 55. Bg8 Kf8 56. Be6 Ke7 57. Bg4 Kf7 58. gxh6 gxh6 59. f5
Kf6 60. Kd5 Bg3 61. c5 Ke7 62. c6 Bh2 63. Bf3 Bg3 64. Kc5 Bc7 65. Kb5 Kd8 66.
Ka6 Kc8 67. f6 Bd6 68. Kb6 Bc7+ 69. Kc5 Be5 70. f7 Bg7 71. Kd6 Bf8+ 72. Ke6 1-0

[Event "Leon"]
[Site "?"]
[Date "2005.06.11"]
[Round "2.4"]
[White "Carlsen, Magnus"]
[Black "Anand, Viswanathan"]
[Result "1/2-1/2"]
[WhiteElo "2550"]
[BlackElo "2760"]
[Annotator "Rahal, M"]
[PlyCount "78"]
[EventDate "2005.06.10"]
[EventType "k.o. (rapid)"]
[EventCountry "ESP"]
[Source "EDAMI"]
[SourceDate "2006.12.20"]

1. e4 c5 2. Nf3 Nc6 3. d4 cxd4 4. Nxd4 e6 5. Nc3 a6 6. Be3 Nf6 7. Qd2 Bb4 8. f3
d5 9. a3 Qa5 10. Nb3 Bxc3 11. bxc3 Qc7 12. Bf4 $146 (12. Bd3 dxe4 13. fxe4 O-O
14. O-O Ng4 15. Bf4 e5 16. Bg3 Be6 17. h3 Qb6+ 18. Kh1 Ne3 19. Rfe1 Nc4 20. Qe2
Nd6 21. Bf2 Qc7 22. Nc5 Rfe8 23. Rab1 Na5 24. Nxe6 Rxe6 25. c4 Ndxc4 26. a4 Rc6
27. Rb4 Nb6 28. Reb1 Nd7 29. Qe1 Rc8 30. Be3 Nc5 31. Qf2 Rd8 32. Bb5 axb5 33.
axb5 Rf6 34. b6 Qc8 35. Qg3 Ne6 36. Qxe5 Nc6 {
0-1 Costantini,R-Delchev,A/Reggio Emilia 2002/EXT 2003}) 12... e5 13. exd5 exf4
14. dxc6 O-O 15. O-O-O (15. cxb7 Bxb7 $40) 15... Qxc6 16. c4 (16. Qxf4 Qxc3 $15
) 16... Be6 17. Qxf4 (17. Qd6 Qa4 $15) 17... Rac8 18. Qd6 Qa4 19. Qb4 Qxb4 $6 {
Magnus ha jugado la apertura de forma dudosa y tiene una posición bastante
dificil, pero Anand le facilita las cosas con el cambio de damas. Seguramente
el resultado del match influye en su decisión.} (19... Qe8 $1 $15) 20. axb4
Bxc4 $11 21. Nc5 Bxf1 22. Rhxf1 a5 23. Nxb7 axb4 24. Kb2 Rc7 25. Nd6 g6 26. Rd4
Rb8 27. Rfd1 Rb6 28. R1d2 h5 29. Rf4 Nh7 (29... Kg7 30. Rxf6 Kxf6 31. Ne8+ $18)
30. Re4 $6 ({##Era mejor} 30. Nc4 {
intentando la maniobra Ne3-d5 atacando el peón-b con iniciativa.}) 30... Nf8
31. Nc4 Rb8 32. Ne3 Ne6 33. Rc4 (33. Nd5 Rcb7) 33... Rcb7 34. Rd3 Kg7 35. Nd5
Rb5 36. Nc7 Nxc7 37. Rxc7 Re8 38. Rd2 Re3 39. Rc4 Rb7 1/2-1/2

[Event "Leon"]
[Site "?"]
[Date "2005.06.12"]
[Round "3.1"]
[White "Kasimdzhanov, Rustam"]
[Black "Anand, Viswanathan"]
[Result "1-0"]
[WhiteElo "2650"]
[BlackElo "2785"]
[Annotator "Rahal, M"]
[PlyCount "125"]
[EventDate "2005.06.10"]
[EventType "k.o. (rapid)"]
[EventCountry "ESP"]
[Source "EDAMI"]
[SourceDate "2006.12.20"]

{Esta será comentada por Kasimdhzanov} 1. e4 c5 2. Nf3 d6 3. d4 cxd4 4. Nxd4
Nf6 5. Nc3 a6 6. Be3 e6 7. f3 b5 8. Qd2 Nbd7 9. g4 Nb6 10. a4 Nc4 11. Bxc4 bxc4
12. a5 (12. O-O Bb7 13. g5 Nd7 14. f4 Nc5 15. Qg2 g6 16. Rad1 Qc7 17. Qg4 h6
18. f5 gxf5 19. exf5 e5 20. Ne6 fxe6 21. Qh5+ Kd8 22. f6 Qc6 23. Rd2 Kc7 24. g6
Rg8 25. g7 Bxg7 26. Qf7+ Qd7 27. Qxd7+ Nxd7 28. fxg7 Rxg7+ 29. Kf2 d5 {
0-1 Anand,V-Kasparov,G/Kopavogur 2000/EXT 2001}) 12... Bb7 13. Na4 Rc8 (13...
d5 14. e5 Nd7 15. f4 Qh4+ 16. Bf2 Qxg4 17. Rg1 {
1/2-1/2 Vescovi,G-Gelfand,B/Bermuda BER 2005/The Week in Chess 535}) (13... Nd7
14. O-O-O Qc7 15. Ne2 Be7 16. Nb6 Nxb6 17. Bxb6 Qc6 18. Nc3 O-O 19. Rhe1 Rfe8
20. f4 Qc8 21. g5 d5 22. exd5 Bxd5 23. Nxd5 exd5 24. Qxd5 c3 25. b3 Bb4 26. Kb1
Qg4 27. Rg1 Qe2 28. f5 Qe5 29. Qc4 Qb5 30. Rd5 Qxc4 31. bxc4 Rab8 32. Ka2 Re2
33. Rc1 h6 34. h4 Re4 35. Rcd1 Rxc4 36. R1d4 Rxd4 37. Rxd4 Be7 38. g6 Bf6 39.
Re4 Rc8 40. h5 Kf8 41. Kb3 Be7 42. Rc4 Rb8 43. Kxc3 Ke8 44. Rc7 fxg6 45. fxg6
Bf6+ 46. Kc4 Rd8 47. Ra7 Rd2 48. c3 Rh2 49. Rxa6 Rxh5 50. Ra7 Rg5 51. a6 Rg4+
52. Kb3 Rxg6 53. Rb7 Rg3 54. a7 Rxc3+ 55. Kb4 {
1-0 Anand,V-Kulaots,K/Tallinn EST 2004/The Week in Chess 525}) 14. Qc3 Bxe4 $5
$146 (14... Nd7 15. O-O-O Be7 16. h4 Bxh4 17. Ne2 Bf6 18. Bd4 e5 19. Be3 Be7
20. Kb1 Qc7 21. Nb6 Nxb6 22. axb6 Qd7 23. Rh5 f6 24. Ng3 g6 25. Rh2 O-O 26.
Rhd2 {1/2-1/2 Leko,P-Kasparov,G/Linares ESP 2005/The Week in Chess 538}) 15.
fxe4 Nxe4 16. Qb4 Qh4+ 17. Kd1 Qxg4+ 18. Kc1 e5 19. Nb6 exd4 20. Rg1 $5 (20.
Nxc8 Qxc8 21. Qa4+ $13) 20... Qe6 (20... Qf3 21. Qa4+ Kd8 22. Qd7#) (20... Qh3
21. Qa4+ Kd8 22. Bxd4 $40) 21. Nxc8 dxe3 (21... Qxc8 22. Qa4+) (21... d5 $5)
22. Qb8 f5 (22... d5) 23. Nxd6+ Ke7 $2 (23... Kd7 $142 24. Nxe4 Qxe4 $16) 24.
Qc7+ $18 Kf6 25. Qd8+ Ke5 26. Nxe4 Kxe4 27. Ra4 $1 Qd5 28. Qe8+ Kf4 29. Rf1+
Kg5 30. Qxe3+ Kg6 31. Qb6+ (31. Qe6+) 31... Kh5 32. Qxa6 c3 33. Qe2+ Kg6 34. b3
Bc5 35. Rd1 Qc6 36. Qd3 Be7 37. Rc4 Qg2 38. Qxc3 Qxh2 39. Rc6+ Bf6 40. a6 Ra8
41. Rdd6 $6 (41. Qf3 $1) 41... Qh4 42. b4 f4 43. Qd3+ Kh6 44. Qe4 Ra7 45. b5
Qg5 46. Qh1+ Kg6 47. Rd5 Qg4 48. Qe4+ Kh6 49. Qh1+ Kg6 50. Rd1 Qf5 51. Qg1+ Qg5
52. Qxg5+ (52. Qxa7 $1 f3+ 53. Rd2 Qxb5 54. Qg1+ $18) 52... Kxg5 53. c4 f3 54.
Kc2 Be5 55. Rc8 Kg4 56. Re8 Bf4 57. Rg1+ Bg3 58. b6 $1 Rxa6 59. b7 Rb6 60. b8=Q
Rxb8 61. Rxb8 f2 62. Rxg3+ Kxg3 63. Rf8 1-0

[Event "Leon"]
[Site "?"]
[Date "2005.06.12"]
[Round "3.2"]
[White "Anand, Viswanathan"]
[Black "Kasimdzhanov, Rustam"]
[Result "1-0"]
[WhiteElo "2785"]
[BlackElo "2650"]
[Annotator "Rahal, M"]
[PlyCount "65"]
[EventDate "2005.06.10"]
[EventType "k.o. (rapid)"]
[EventCountry "ESP"]
[Source "EDAMI"]
[SourceDate "2006.12.20"]

1. e4 c5 2. Nf3 d6 3. d4 cxd4 4. Nxd4 Nf6 5. Nc3 a6 6. Be3 e6 7. f3 b5 8. g4 h6
9. Qd2 Nbd7 {
Kasimdzhanov se desvia de 9...b4 que jugó en la primera partida contra Shirov.}
10. O-O-O Bb7 11. h4 b4 12. Na4 Qa5 13. b3 Nc5 14. a3 Rc8 (14... Nxa4 15. axb4
Qc7 16. bxa4 d5 17. e5 Nd7 18. f4 {es la variante principal}) 15. Qxb4 Qc7 16.
Kb1 Nfd7 17. Nb2 d5 18. Qd2 dxe4 19. f4 Nf6 20. Be2 $146 (20. Bc4 Nxg4 21. f5
e5 22. Ne2 Nxe3 23. Qxe3 Nd7 24. b4 Nf6 25. Qb3 h5 26. Rh3 Bd6 27. Rc3 Qd7 28.
Na4 Qe7 29. Nb6 Rc6 30. Bxf7+ Qxf7 31. Qxf7+ Kxf7 32. Rxc6 Bxc6 33. Rxd6 Bb7
34. Nc4 Rc8 35. Nxe5+ Kg8 36. Re6 Rd8 37. Ng6 Kh7 38. Ne7 Rd1+ 39. Kb2 Rh1 40.
Rb6 Bd5 41. Rxf6 gxf6 42. Nxd5 Rxh4 43. c4 Rh2 44. Ndf4 h4 45. b5 axb5 46. cxb5
h3 47. b6 {1-0 Movsesian,S - Kulaots,K (Istanbul 2000)}) 20... Nd5 21. Nc4 Nd7
22. g5 Nxe3 23. Qxe3 Bd5 24. Rhf1 Bc5 25. Qc3 $1 {Con esta jugada de dama
Anand comienza a poner en tela de juicio que Kasimdzhanov haya renunciado al
enroque. Se amenaza jugadas como Nf5 o Nxe6 y Qxg7} hxg5 {#} 26. Nf5 $1 Bxc4
27. Nxg7+ Ke7 28. Bxc4 $18 Rhg8 (28... gxh4 29. Nxe6 $1 fxe6 30. Qg7+ $18) 29.
hxg5 ({También era muy fuerte} 29. fxg5 Bd6 30. g6 fxg6 31. Qh3 $1) 29... e3
30. f5 Ne5 31. fxe6 Rxg7 32. Rd7+ $1 Nxd7 33. Qxg7 1-0